Statistics for World Geography Quiz

Click here to take the quiz!

General Stats

  • This quiz has been taken 27 times
  • The average score is 40 of 45

Answer Stats

QuestionTileSelect% Correct
Which countries have a capital beginning with A ?AndorraYes
100%
Which countries have a capital beginning with A ?AustriaNo
100%
Which countries have a capital beginning with A ?BelgiumNo
100%
Which countries have a capital beginning with A ?BrazilNo
100%
Which countries main language is Spanish ?BrazilNo
100%
Which of these countries have over 100 million inhabitants ?GermanyNo
100%
Which countries main language is Spanish ?MexicoYes
100%
Which of these cities is a capital cityMunichNo
100%
Which countries main language is Spanish ?PortugalNo
100%
Which countries have a capital beginning with A ?SwedenNo
100%
Which of these US states have an Atlantic coastline ?IdahoNo
96%
Which of these cities is a capital cityLimaYes
96%
Which countries have a capital beginning with A ?NetherlandsYes
96%
Which of these cities is a capital cityNew YorkNo
96%
Which of these countries have over 100 million inhabitants ?NigeriaYes
96%
Which of these US states have an Atlantic coastline ?OhioNo
96%
Which of these cities is a capital cityRio De JaneiroNo
96%
Which of these cities is a capital cityShanghaiNo
96%
Which of these cities is a capital citySydneyNo
96%
Which countries have a capital beginning with A ?SyriaNo
96%
Which of these countries have over 100 million inhabitants ?BrazilYes
92%
Which of these cities is a capital cityCasablancaNo
92%
Which countries main language is Spanish ?CubaYes
92%
Which countries main language is Spanish ?El SalvadorYes
92%
Which countries have a capital beginning with A ?JordanYes
92%
Which countries main language is Spanish ?TunisiaNo
92%
Which of these cities is a capital cityWellingtonYes
92%
Which of these cities is a capital cityFreetownYes
88%
Which countries main language is Spanish ?GuatemalaYes
88%
Which countries main language is Spanish ?MoroccoNo
88%
Which of these US states have an Atlantic coastline ?New JerseyYes
88%
Which countries have a capital beginning with A ?ParaguayYes
88%
Which of these countries have over 100 million inhabitants ?TanzaniaNo
88%
Which countries main language is Spanish ?UruguayYes
88%
Which of these countries have over 100 million inhabitants ?AlgeriaNo
83%
Which of these US states have an Atlantic coastline ?CaliforniaNo
79%
Which of these US states have an Atlantic coastline ?MaineYes
79%
Which of these US states have an Atlantic coastline ?Rhode IslandYes
79%
Which of these countries have over 100 million inhabitants ?IranNo
75%
Which of these US states have an Atlantic coastline ?TexasNo
75%
Which of these countries have over 100 million inhabitants ?EgyptYes
71%
Which of these countries have over 100 million inhabitants ?EthiopiaYes
71%
Which of these countries have over 100 million inhabitants ?TurkeyNo
67%
Which of these US states have an Atlantic coastline ?South CarolinaYes
63%
Which of these US states have an Atlantic coastline ?GeorgiaYes
38%

Score Distribution

Percentile by Number Answered

Percent of People with Each Score

Your Score History

You have not taken this quiz